000 00360nam a22001217a 4500
082 _a200 THE
100 _aTahir Abbas,
_970270
245 _aTH-SOF-1135-High Efficiency Doherty Amplifier for LTE
260 _aIslamabad
_bNUST College of EME
_c2015
650 _aMS-ELECT-67 MSTHESIS
_970257
700 _aSupervison Dr. Mojeeb bin Ihsan
_970271
942 _cCF
999 _c577267
_d577267